| 000 | nam a22 a 4500 | ||
|---|---|---|---|
| 999 |
_c59309 _d59309 |
||
| 003 | BLK | ||
| 005 | 20220805141119.0 | ||
| 008 | 180408b bul|||||r ||||||| ||bul|| | ||
| 010 | _aKNG00063398000 | ||
| 040 | _aBLK | ||
| 041 |
_aBUL _cBUL |
||
| 080 |
_aАтомни ядра - Ядрени сили, свойства на ядрата, ядра във възбудено състояние и др. Вж и 539. 12; 541. 62 _b539.14 _z539.14 |
||
| 100 | 1 |
_aРайчев, Петър Петров _eпърви автор _9369735 |
|
| 139 |
_aРайчев, Петър Петров _bР 29 |
||
| 245 | 1 | 0 |
_aАтомното ядро _bНаучнопопул. очерк _cПетър Петров Райчев. |
| 257 | _aBGR | ||
| 260 |
_bНар. просв. _c1973 _aСофия |
||
| 300 |
_a152 с. _bс ил. _c25 см |
||
| 380 | _a5 | ||
| 650 | 4 |
_aАтомно ядро _9147858 |
|
| 653 | _aядрена физика | ||
| 653 | _aатомна физика | ||
| 852 | _aЦб 69294 | ||
| 856 | 4 | _qpdf | |
| 856 | 4 | _qpdf | |
| 942 |
_cKNG _n0 _s1 |
||
| 944 |
_aCR _c13.06.2004 _kГеновева_Генчева |
||
| 944 |
_aED _c11.09.2015 |
||
| 999 | _d59309 | ||